000 01180nam a22002537a 4500
001 BRCA_9423
003 FranzMayer
005 20230918130407.0
008 230906b |||||||| |||| 00| 0 eng d
020 _a01884638
040 _aMFM
_bESPAÑOL
_cMFM
050 0 _aF1209.5
_bC66 2018
110 1 _4Responsable
_aSecretaria de Cultura
_bCoordinación Nacional de Monumentos Históricos
_929649
240 _aBoletín de monumentos históricos 44
_hTercaera época. Núm. 44, Septiembre-Diciembre 2018. La CNMH en el 80 aniversario del INAH
_lEspañol
245 0 _aBoletín de monumentos históricos 44
_bTercaera época. Núm. 44, Septiembre-Diciembre 2018. La CNMH en el 80 aniversario del INAH
260 _aMéxico
_bSecretaria de Cultura
_c2018
300 _a230 p
_bIlustraciones
_c28 cm
500 _aAnexo 1
500 _aIncluye un formato para suscripción al boletín
505 _aTexto en: españolIncluye índice temáticoDirigido a: arquitectos, historiadores o arqueólogos
650 1 _2America Latina
_aMéxico
_vMonumentos históricos
_929650
651 2 _2Boletín
_aBoletines especiales
_vBoletín de monumentos históricos
_929651
942 _2lcc
_cH
999 _c11045
_d11045